Datum a čas kvízu
28.5
Celkem bodů
Celkový počet nahraných bodů na tomto kvízu bez doplňovacích otázek.
11.
Pořadí na kvízu
Konečné umístění týmu na tomto kvízu.
Zaznamenané odpovědi
| # | Otázka | Odpověď | Body | Výsledky |
|---|---|---|---|---|
| 1. | Od pátku do neděle probíhal v... | hodinka | 0 | |
| 2. | Tento 53letý muž oznámil minul... | Justin Trudeau, Kanada | 0.5 | |
| 3. | Jak se jmenuje 49letá hollywoo... | Angelina Jolie | 1 | |
| 4. | V úterý jsme se dozvěděli, že... | XXXLutz | 1 | |
| 5. | Loňský (a celkově čtyřnásobný)... | Carlos Sainz | 1 | |
| 6. | Toto téma jste si odhlasovali... | D | 0 | |
| 7. | Jistý uznávaný český básník je... | Svatební košile; Jaroslav Vrchlický | 1 | |
| 8. | Zákaz účasti osobám mladším 18... | C; straight (postupka) | 1 | |
| 9. | Přiřaďte fotografie těchto por... | 1D 2C 3A 4B | 1 | |
| 10. | V roce 2009 vydala jedna poměr... | Rammstein | 1 |